Países com Mais Medalhas Olímpicas de Ginástica - Statistics

Estatísticas Gerais
  • Esse quiz foi jogado 2 602 vezes
    2 128 desde o último reset
  • A pontuação média é 12 de 19
Estatísticas das Respostas
O P B Medalhas País % Correto
39 44 37 120 Estados Unidos
99%
29 21 19 69 China
96%
33 34 36 103 Japão
91%
10 15 19 44 Rússia
90%
3 10 9 22 França
87%
14 13 17 44 Alemanha | Alemanha Ocidental
85%
14 6 9 29 Itália
79%
2 4 5 11 Coreia do Sul
71%
81 72 47 200 União Soviética | Equipe Unificada
69%
16 19 14 49 Suíça
53%
5 3 4 12 Ucrânia
50%
25 20 26 71 Romênia
49%
5 3 3 11 Grécia
45%
15 11 14 40 Hungria
44%
5 2 4 11 Iugoslávia
38%
8 5 12 25 Finlândia
34%
12 13 10 35 Tchecoslováquia
28%
6 13 17 36 Alemanha Oriental
27%
3 3 10 16 Grã-Bretanha
16%
Nenhum quiz correspondente encontrado
Distribuição das Pontuações
Porcentagem de Pessoas com Cada Pontuação
Percentil de Números Respondidos
Sua Pontuação Histórica
Você não jogou esse quiz desde o último reset